000 00698nam a2200205 4500
001 4295
005 20181127173101.0
020 0 0 _a9789993614708
090 0 0 _a945.98092 K521g 2013
100 _aTashi,Tshering.
_b
_c
_d
_e
_q
245 0 0 _aGongzim Ugyen Dorji :
_bThe King's aide and diplomat par excellence /
_h
_cTshering Tashi.
246 _a[Biography of 1st King Ugyen Wangchuck].
_b
_f
_h
_i
_n
_p
250 0 0 _a
260 0 0 _a[Thimphu] :
_bCentre for Bhutan Studies,
_c2013.
300 0 0 _a80 p. ; 25 cm.
500 0 0 _a
600 _aUgyen Wangchuck,
_b
_cKing of Bhutan.
_d
_e
_f
_k
_l
_m
_n
_o
_p
_q
_r
_s
_t
_v
_x
_y
_z
_2
650 0 0 _aBhutan --Kings and rulers --Biography.
_x
999 _c3544
_d3544